| 000 | 01661nam a2200289Ia 4500 | ||
|---|---|---|---|
| 999 |
_c41337 _d41337 |
||
| 001 | 7995 | ||
| 003 | GE_BSU | ||
| 005 | 20221004115528.0 | ||
| 008 | 181216s2013ge xx |||||||||||||| ||geo|| | ||
| 020 | _a9789941179457 | ||
| 040 | _cGE_BSU | ||
| 041 | _ageo | ||
| 080 | _a1(479.22)(09) ქ-27 | ||
| 245 |
_aქართული ფილოსოფიური აზრის ისტორია: _b II ტომი / _c რედ. სერგი ავალიანი ; სარედ. კოლ: ა. აფაქიძე, თ. ბუაჩიძე, გ. თევზაძე |
||
| 250 | _aმე-2 გამოცემა | ||
| 264 |
_aთბილისი : _bუნივერსალი, _c2013. |
||
| 300 |
_a22 სმ.: _c399 გვ. |
||
| 600 |
_a იდეის ავტ. და რედ. მიხეილ მახარაძე. _915005 |
||
| 653 | _aქართული ფილოსოფიური აზრის ისტორია | ||
| 653 | _aფილოსოფია | ||
| 700 |
_aავალიანი, სერგი _eრედაქტორი _9356 |
||
| 700 |
_aაფაქიძე, ა _eსარედაქციო კოლეგია _915006 |
||
| 700 |
_aბუაჩიძე, თ. _eსარედაქციო კოლეგია _91329 |
||
| 700 |
_a თევზაძე. გ. _eსარედაქციო კოლეგია _915007 |
||
| 710 |
_a ბათუმის შოთა რუსთაველის სახელმწ. უნ-ტი, ფილოსოფიის დეპარტამენტი _915008 |
||
| 942 |
_cBK _2udc |
||